000 01014nam a2200229 a 4500
008 120416s1999 ||||||||||||||||| || u
020 _a0393973700
050 _aHB 172 Var
100 _aVarian, Hal R
245 1 0 _aIntermediate microeconomics
246 _aa modern approach
250 _a5th ed.
260 _aNew York
_bW.W. Norton & Company
_c1999.
300 _axxiv, 662 pages : illustrations
350 _a0.00
500 _aBibliography.
650 _aMICROECONOMICS
650 0 _aECONOMICS
995 _aMAIN LIBRARY OPEN ACCESS
_D0.00
_e735649
_FCBU-MAIN LIBRARY (Kitwe)
_H3
_I34.50
_jHB 172 Var
_M3
_UAVAILABLE
_WMay 7, 2007
_y48759
_ZMain Library Open Access Collection
995 _aMAIN LIBRARY OPEN ACCESS
_D0.00
_e735647
_FCBU-MAIN LIBRARY (Kitwe)
_H1
_I34.50
_jHB 172 Var
_M1
_UAVAILABLE
_y48761
_ZMain Library Open Access Collection
995 _aMAIN LIBRARY OPEN ACCESS
_D0.00
_e735648
_FCBU-MAIN LIBRARY (Kitwe)
_H2
_I34.50
_jHB 172 Var
_M2
_UAVAILABLE
_WAug 3, 2006
_y48760
_ZMain Library Open Access Collection
999 _c77502
_d77502